Principios de la administración científica

Guardat en:
Dades bibliogràfiques
Autors principals: Taylor, Frederick Winslow (Autor), Fayol, Henri (Autor)
Format: Llibre
Idioma:espanyol
Publicat: Buenos Aires El Ateneo 1972
Col·lecció:Biblioteca de Ciencias Económicas. Administración y Dirección
Matèries:
Etiquetes: Afegir etiqueta
Sense etiquetes, Sigues el primer a etiquetar aquest registre!

MARC

LEADER 00000nam a2200000 a 4500
001 UCR3510
003 CL-VaPUC
008 980124e19720000AG |||||||||||||||||spa|d
082 0 4 |a 658  |b TAY  |2 21 
100 0 |a Taylor, Frederick Winslow  |e author  |9 402393 
700 0 |a Fayol, Henri  |e author  |9 402394 
245 1 0 |a Principios de la administración científica 
246 1 0 |a Administración industrial y general 
300 |a 351 p 
942 |c BK 
945 |d 19980124 00:00:00  |a aolguin 
260 |a Buenos Aires  |b El Ateneo  |c 1972 
650 0 |a Administración de empresas   |9 260833 
650 0 |a Planificación estratégica   |9 259735 
583 |a last modification  |c 20170824 10:00:23  |k Rodrigo Vera 
490 0 |a Biblioteca de Ciencias Económicas. Administración y Dirección 
999 |c 266572  |d 266570 
952 |0 0  |1 0  |4 0  |6 658_000000000000000_TAY_1972  |7 0  |8 R  |9 298296  |a BIBENE  |b BIBENE  |d 2019-11-20  |i 1943316  |o 658 TAY 1972  |p 1943316  |r 2025-01-15  |w 2019-11-20  |y BK_R  |k ICO